000
00242nam a2200109Ia 4500
008
220624s9999 xx 000 0 und d
020
_a
187849129
082
_a
J595 BAI
100
_a
JILL BAILEY
_9
149375
245
0
_a
SPINNEKOP
942
_c
BK
_w
561
_x
John Tresidder
_y
561
_z
John Tresidder
999
_c
685923
_d
685922